| 000 | 00850nam a2200337Ia 4500 | ||
|---|---|---|---|
| 001 | 3278 | ||
| 008 | 191123s9999 xx 000 0 und d | ||
| 020 | _a910386188 | ||
| 041 | _aeng | ||
| 044 | _axxu | ||
| 100 | _aPrasse, Leona E., | ||
| 245 | 0 |
_aLyonel Feininger : _ba definitive catalogue of his graphicc work, etchings, lithographs, woodcuts. |
|
| 260 |
_aCleveland : _bMusseum of Art, _c1972. |
||
| 300 | _a304 p. | ||
| 500 | _aTrae la lista de sus exposiciones | ||
| 504 | _aBibliografía pp. 285-286 | ||
| 650 | _aALEMANIA | ||
| 650 | _aESTADOS UNIDOS | ||
| 650 | _aFEININGER, LYONEL | ||
| 650 | _aGRABADOS | ||
| 650 | _aLITOGRAFIAS | ||
| 650 | _aXILOGRAFIAS | ||
| 902 | _aM | ||
| 903 | _am | ||
| 904 | _am | ||
| 907 | _aImpreso | ||
| 911 | _ailus. b/n; 30 cm | ||
| 912 | _a1972 | ||
| 942 | _cLIBRO | ||
| 999 |
_c2751 _d2751 |
||